Lo que vio el perro y otras aventuras / (Registro nro. 10756)

Detalles MARC
000 -LIDER
fixed length control field 00863nam a22002777a 4500
001 - NÚMERO DE CONTROL
Identificador de número de control 0147
003 - IDENTIFICACDOR DE NÚMERO DE CONTROL
control field DO-SdBNP
005 - DATE AND TIME OF LATEST TRANSACTION
control field 20231103115011.0
007 - CAMPOS FIJOS DE DESCRIPCIÓN FÍSICA
fixed length control field 0147
008 - ELEMENTOS DE LONGITUD FIJA
fixed length control field 160707b 2010 ck 00| 0 spa d
020 ## - ISBN
International Standard Book Number 9781616050740
040 ## - FUENTE DE CATALOGACIÓN
Agencia que crea de manera original el registro BPMSU
Idioma de catalogación spa
Agencia que realiza la transcripción BPMSU
082 #4 - NÚMERO DE CLASIFICACIÓN DECIMAL DE DEWEY
Classification number 814.5
Item number G543q 2010
Edition number 22
100 ## - ASIENTO PRINCIPAL -- NOMBRE PERSONAL
Nombre personal Gladwell, Malcolm
Fechas asociadas con el nombre 1963-
240 ## - TITULO UNIFORME
Título uniforme
245 ## - MENCIÓN DE TITULO
Título Lo que vio el perro y otras aventuras /
Mención de responsabilidad Malcolm Gladwell ; Traductor Pedro Cifuentes
260 ## - PUBLICACIÓN, DISTRIBUCIÓN, ETC. (PIE DE IMPRENTA)
Lugar de publicación, distribución, etc Bogotá :
Nombre del editor, distribuidor, etc. Taurus,
Fecha de publicación, distribución, etc 2010
300 ## - DESCRIPCIÓN FÍSICA
Extensión 427 p . ;
Dimensiones 23 cm
534 ## - NOTA SOBRE LA VERSIÓN ORIGINAL
Asiento principal del original Título original :
Mención del título original What the dog saw and other adventures.
590 ## - NOTA LOCAL
Texto de la nota local Inventariado, 2023/VM
600 14 - ENCABEZAMIENTO DE MATERIA--NOMBRE PERSONAL
Nombre personal Gladwell, Malcolm,
Fechas asociadas con el nombre 1963-
Subdivisión de forma Colecciones de escritos.
650 #4 - ENCABEZAMIENTO DE MATERIA--TEMÁTICO
Término temático o nombre geográfico como elemento de entrada Ensayos estadounidenses.
700 1# - ASIENTO SECUNDARIO -- NOMBRE PERSONAL
Nombre personal Cifuentes, Pedro
Mención de responsabilidad tr.
910 ## - VALIDACIÓN
Validación VMateo V. Control de calidad. BPMSU
942 ## - ADDED ENTRY ELEMENTS (KOHA)
Source of classification or shelving scheme Dewey Decimal Classification
Koha item type Libros
Existencias
Withdrawn status Lost status Source of classification or shelving scheme Damaged status Not for loan Collection code Home library Current library Date acquired Source of acquisition Total Checkouts Full call number Barcode Date last seen Price effective from Koha item type Copy number
    Dewey Decimal Classification     Colección General Biblioteca Pública Metropolitana Salomé Ureña Biblioteca Pública Metropolitana Salomé Ureña 07/07/2016 Afaguara   BPMSU CG 814.5 G543q 2010 BPMSU16070214 07/07/2016 07/07/2016 Libros  
    Dewey Decimal Classification     Colección General Biblioteca Pública Metropolitana Salomé Ureña Biblioteca Pública Metropolitana Salomé Ureña 07/07/2016 Afaguara   BPMSU CG 814.5 G543q 2010 BPMSU16070216 07/07/2016 07/07/2016 Libros e.2
    Dewey Decimal Classification     Colección General Biblioteca Pública Metropolitana Salomé Ureña Biblioteca Pública Metropolitana Salomé Ureña 07/07/2016 Afaguara   BPMSU CG 814.5 G543q 2010 BPMSU16070217 07/07/2016 07/07/2016 Libros e.3